ბათუმის შოთა რუსთაველის სახელმწიფო უნივერსიტეტის ბიბლიოთეკა

რუსუდანიანი (ბიბ.ჩანაწერი № 43298)

000 -LEADER
fixed length control field 00739nam a2200217Ia 4500
001 - CONTROL NUMBER
control field 10025
003 - CONTROL NUMBER IDENTIFIER
control field GE_BSU
008 - FIXED-LENGTH DATA ELEMENTS--GENERAL INFORMATION
fixed length control field 181216s||||||||xx |||||||||||||| ||und||
040 ## - CATALOGING SOURCE
Transcribing agency GE_BSU
080 ## - UNIVERSAL DECIMAL CLASSIFICATION NUMBER
Universal Decimal Classification number 821.353.1–32
245 ## - TITLE STATEMENT
Title რუსუდანიანი
245 ## - TITLE STATEMENT
Remainder of title საშუალ საუკუნეთა ქართ. ლიტ.–ს ძეგლი
245 ## - TITLE STATEMENT
Statement of responsibility, etc. რედ.მ.ებრალიძე
260 ## - PUBLICATION, DISTRIBUTION, ETC.
Place of publication, distribution, etc. თბილისი
260 ## - PUBLICATION, DISTRIBUTION, ETC.
Name of publisher, distributor, etc. საბჭ.მწერალი
260 ## - PUBLICATION, DISTRIBUTION, ETC.
Date of publication, distribution, etc. 1957
300 ## - PHYSICAL DESCRIPTION
Extent 811გვ.22სმ.
653 ## - INDEX TERM--UNCONTROLLED
Uncontrolled term რუსუდანიანი
653 ## - INDEX TERM--UNCONTROLLED
Uncontrolled term საშუალ საუკუნეთა ქართ. ლიტ.–ს ძეგლი
942 ## - ADDED ENTRY ELEMENTS (KOHA)
Koha item type წიგნი
ეგზემპლარები
Withdrawn status Lost status Damaged status Not for loan Date acquired Barcode Date last seen Price effective from Koha item type
        2018-12-17 33471 2018-12-17 2018-12-17 წიგნი
        2018-12-17 33472 2018-12-17 2018-12-17 წიგნი